[Event "Rio de Janeiro Estadual op"]
[Site "Rio de Janeiro"]
[Date "2024.06.01"]
[Round "3"]
[White "Guttler, Bruno Cravo"]
[Black "Da Silva, Pedro Oliveira"]
[Result "1-0"]
[WhiteElo "1782"]
[BlackElo "1800"]
[PlyCount "91"]
[EventDate "2024.05.30"]
[EventType "swiss"]
[EventRounds "6"]
[EventCountry "BRA"]
[SourceTitle "CBM 220 Extra"]
[Source "ChessBase"]
[SourceDate "2024.07.31"]
[SourceVersion "1"]
[SourceVersionDate "2024.07.31"]
[SourceQuality "1"]

1. d4 e6 2. c4 d5 3. Nc3 c5 4. e3 Nf6 5. Nf3 Nc6 6. Be2 Be7 7. 0-0 0-0 8. a3 b6 9. Re1 Ba6 10. Qa4 Bb7 11. cxd5 Nxd5 12. Ba6 Nxc3 13. bxc3 Bxa6 14. Qxa6 Bf6 15. Bb2 Be7 16. Rad1 Qc7 17. Qe2 Rad8 18. e4 Rfe8 19. d5 exd5 20. exd5 Bf8 21. Qxe8 Rxe8 22. Rxe8 Qd7 23. Ree1 Na5 24. Ne5 Qd6 25. Nc6 Nxc6 26. dxc6 Qxc6 27. Rd8 c4 28. Ree8 Qc5 29. Rxf8+ Qxf8 30. Rxf8+ Kxf8 31. f4 Ke7 32. Kf2 Ke6 33. g4 f5 34. gxf5+ Kxf5 35. Kf3 h5 36. a4 a6 37. Ba3 g6 38. Bd6 Ke6 39. Bc7 b5 40. axb5 axb5 41. Ke4 Kd7 42. Ba5 Kd6 43. Bb4+ Ke6 44. h4 Kf6 45. Bd6 Ke6 46. Be5 1-0

[Event "Rio de Janeiro Estadual op"]
[Site "Rio de Janeiro"]
[Date "2024.05.30"]
[Round "2"]
[White "Da Silva, Pedro Oliveira"]
[Black "Okamura, Milton Kasuo"]
[Result "0-1"]
[WhiteElo "1800"]
[BlackElo "1950"]
[PlyCount "100"]
[EventDate "2024.05.30"]
[EventType "swiss"]
[EventRounds "6"]
[EventCountry "BRA"]
[SourceTitle "CBM 220 Extra"]
[Source "ChessBase"]
[SourceDate "2024.07.31"]
[SourceVersion "1"]
[SourceVersionDate "2024.07.31"]
[SourceQuality "1"]

1. e4 c5 2. Nf3 e6 3. d4 cxd4 4. Nxd4 Nc6 5. Nc3 Qc7 6. g3 a6 7. Bg2 Nf6 8. Bg5 Be7 9. 0-0 0-0 10. Re1 d6 11. Nxc6 bxc6 12. Qe2 e5 13. Bxf6 Bxf6 14. Rad1 Be7 15. Qe3 Qa5 16. a3 Rb8 17. Rb1 Qc7 18. b4 Be6 19. a4 Bc4 20. a5 Qb7 21. Na4 Bd8 22. c3 Bxa5 23. bxa5 Qxb1 24. Rxb1 Rxb1+ 25. Bf1 Bxf1 26. h4 Bb5+ 27. Kh2 Bxa4 28. Qd3 Rd1 29. Qxa6 Bb5 30. Qb6 f5 31. a6 fxe4 32. a7 Ra1 33. Qb8 Be2 34. Qb3+ d5 35. Qb6 Bg4 36. Qb8 h5 37. Qb6 Bf3 38. g4 Bxg4 39. Kg3 Bf3 40. Kh2 Ra2 41. Kg1 Be2 42. Kg2 Bd3 43. Kg1 Bc4 44. Kg2 d4 45. cxd4 e3 46. Qxc6 Rfxf2+ 47. Kg3 Rg2+ 48. Qxg2 Rxg2+ 49. Kxg2 Bd5+ 50. Kf1 exd4 0-1